Statistics for Top 50 Countries With The Tallest People

Click here to take the quiz!

General Stats

  • This quiz has been taken 123 times
  • The average score is 36 of 50

Answer Stats

cmCountry% Correct
170.4United Kingdom
97%
173.6Sweden
95%
169.8United States
95%
170.8Canada
93%
173.4Finland
92%
178.0Netherlands
92%
175.5Norway
92%
171.1Russia
92%
173.1Germany
91%
173.7Poland
91%
171.8Belgium
90%
177.3Denmark
90%
176.5Iceland
88%
171.7Ireland
87%
171.6Australia
86%
177.4Latvia
86%
173.8Ukraine
86%
177.8Estonia
85%
171.7Luxembourg
85%
169.5Hungary
84%
172.8Austria
82%
175.9Croatia
82%
174.3Slovakia
82%
174.4Belarus
81%
170.9France
81%
174.6Czech Republic
80%
169.3Bulgaria
79%
172.4Greece
79%
176.9Lithuania
79%
171.3Romania
79%
174.9Slovenia
79%
170.9New Zealand
78%
171.2Switzerland
76%
176.3Serbia
75%
169.3Brazil
72%
169.2Argentina
71%
178.3Montenegro
70%
177.2Bosnia and Herzegovina
69%
169.2North Macedonia
65%
172.6Andorra
55%
171.3Jamaica
32%
172.3Barbados
27%
172.5Saint Kitts and Nevis
27%
170.2Trinidad and Tobago
27%
172.9Grenada
26%
173.0Saint Lucia
26%
172.0Saint Vincent and the Grenadines
26%
174.3Dominica
25%
173.2Antigua and Barbuda
23%
170.8Senegal
14%

Score Distribution

Percentile by Number Answered

Percent of People with Each Score

Your Score History

You have not taken this quiz